Empowering dalit women with self-hell group : (Record no. 104873)

MARC details
000 -LEADER
fixed length control field 00641nam a22001937a 4500
005 - DATE AND TIME OF LATEST TRANSACTION
control field 20161206171415.0
010 ## - LCCN (DPL NO)
LC control number ENG-116715
020 ## - INTERNATIONAL STANDARD BOOK NUMBER
International Standard Book Number 9788184846065
Terms of availability 780.00
035 ## - SYSTEM CONTROL NUMBER
System control number EN-100247
037 ## - SOURCE OF ACQUISITION
Source of stock number/acquisition DBAD/PUB
082 ## - DEWEY DECIMAL CLASSIFICATION NUMBER
Classification number 305.40954
100 ## - MAIN ENTRY--PERSONAL NAME
Personal name Rao, Allu Gowri Sankar
245 ## - TITLE STATEMENT
Title Empowering dalit women with self-hell group :
Statement of responsibility, etc by Allu Gowri Sankar Rao
Remainder of title an analysis /
260 ## - PUBLICATION, DISTRIBUTION, ETC. (IMPRINT)
Place of publication, distribution, etc New Delhi
Name of publisher, distributor, etc Regal Publications
Date of publication, distribution, etc 2017
270 ## - ADDRESS
Address F-159, Rajouri Garden
City New Delhi
Postal code 110027
300 ## - PHYSICAL DESCRIPTION
Extent vii,176p.
Dimensions 23cm(Hb)
500 ## - GENERAL NOTE
General note Includes bibliographical references and index
942 ## - ADDED ENTRY ELEMENTS (KOHA)
Source of classification or shelving scheme Dewey Decimal Classification
Item type English Books
Classification part 305.40954
Call number suffix RAO
Holdings
Withdrawn status Lost status Not for loan Collection code Home library Current library Date acquired Source of acquisition Cost, normal purchase price Full call number Barcode Copy number Cost, replacement price Koha item type
    Not For Loan Non-fiction D.B.Act.Division Bawana 30/11/2016 DBAD/PUB 780.00 305.40954 RAO EN-100249 1 780.00 English Books

© Delhi Public Library
Hit Counter
free hit counter